Pont-Euxin et polis : polis hellenis et polis barbaron : actes du Xe symposium de Vani, 23-26 septembre 2002 : hommage à Otar Lordkipanidzé et Pierre Lévêque /

Saved in:
Bibliographic Details
Corporate Authors: Symposium de Vani (Colchide), Institut des sciences et techniques de l'Antiquité.
Other Authors: Lordkipanidze, Otar, 1930-2002., Lévêque, Pierre, 1921-, Kacharava, D. D., Faudot, Murielle., Geny, Evelyne., Levêque, Pierre., Lévêque, Pierre, 1921-2004.
Format: Book
Language:French
English
German
Published: [Besançon] : Presses universitaires franc-comtoises, 2005.
Subjects:
Tags: Add Tag
No Tags, Be the first to tag this record!
LEADER 01798cam a2200445 a 4500
001 009934295-2
005 20060428122200.0
008 051122s2005 fr a b 110 0 fre d
020 |a 2848671068 
035 0 |a ocm62418035 
040 |a TZT  |c TZT  |d CtY 
041 0 |a fre  |a eng  |a ger 
043 |a mb----- 
050 4 |a DJK64  |b .S856 2002 
082 1 4 |a 938  |2 1 
090 |a DJK64  |b .S856 2002 
111 2 |a Symposium de Vani (Colchide)  |n (10th :  |d 2002) 
245 1 0 |a Pont-Euxin et polis :  |b polis hellenis et polis barbaron : actes du Xe symposium de Vani, 23-26 septembre 2002 : hommage à Otar Lordkipanidzé et Pierre Lévêque /  |c édition Darejan Kacharava, Murielle Faudot et Évelyne Geny. 
246 1 |i At head of title:  |a Institut des sciences et techniques de l'antiquité 
260 |a [Besançon] :  |b Presses universitaires franc-comtoises,  |c 2005. 
300 |a 292 p. :  |b ill. (some col.) ;  |c 22 cm. 
500 |a At head of title: Institut des sciences et techniques de l'antiquité. 
546 |a In French, English or German. 
504 |a Includes bibliographical references. 
651 0 |a Black Sea Region  |x Antiquities  |v Congresses. 
651 0 |a Colchis  |x Antiquities  |v Congresses. 
651 0 |a Vani (Georgia)  |x Antiquities  |v Congresses. 
651 0 |a Black Sea Coast  |x Antiquities  |v Congresses. 
651 0 |a Greece  |x Antiquities  |v Congresses. 
655 7 |a Conference proceedings.  |2 fast 
700 1 |a Lordkipanidze, Otar,  |d 1930-2002. 
700 1 |a Lévêque, Pierre,  |d 1921- 
700 1 |a Kacharava, D. D.  |q (Daredzhan Davidovna) 
700 1 |a Faudot, Murielle. 
700 1 |a Geny, Evelyne. 
710 2 |a Institut des sciences et techniques de l'Antiquité. 
700 1 |a Levêque, Pierre. 
700 1 |a Lévêque, Pierre,  |d 1921-2004. 
988 |a 20060428 
906 |0 OCLC